| 000 | 00614nam a2200241Ia 4500 | ||
|---|---|---|---|
| 008 | 171120s9999 xx 000 0 und d | ||
| 020 | _a9715690890 | ||
| 050 | _a890 | ||
| 050 | _bD249 1990 | ||
| 100 | _aDavid-Maramba, Asuncion | ||
| 245 | _aPhilippinne contemporary literature : | ||
| 245 | _bIn English and Filipino / | ||
| 245 | _cby Asuncion David-Maramba. | ||
| 250 | _aSixth edition | ||
| 260 | _aPhilippines : | ||
| 260 | _bBookmark, | ||
| 260 | _c1990 | ||
| 300 | _a519 pages : | ||
| 300 | _billustrations ; | ||
| 300 | _c21cm. | ||
| 650 | _aPhilippine literature. | ||
| 700 | _aTitle. | ||
| 999 |
_c345251 _d345251 |
||